Statistics for Elements - General Knowledge

Click here to take the quiz!

General Stats

  • This quiz has been taken 25 times
  • The average score is 3 of 10

Answer Stats

QuestionAnswer% Correct
Which of these ARE NOT a sub-atomic particle?Phospholids
71%
What is the rarest 'naturally' occurring element?Astatine
57%
What element is associated to having the highest melting point?Carbon
43%
Which one of these is an alkali metal (Group 1 elements)?Lithium
43%
Which of these elements is a noble gas (Group 18)?Oganesson
43%
Which of these are alkali earth metals (Group 2)?Beryllium
29%
Which of these elements are liquid at room temperature (77 Fahrenheit/ 25 Celsius)?Bromine
29%
Which of these elements ARE NOT a transition metal?Tellurium
14%
What is the size of a regular proton/neutron (diameter)?1 femtometer
14%
Which of these ARE NOT usually made from a straight number of elements (which one is not a 'simple' compound)?Leaellynasaura
0%

Score Distribution

Percentile by Number Answered

Percent of People with Each Score

Your Score History

You have not taken this quiz